000 00854nam a22002055i 4500
001 172822
003 ES-MaACL
005 20230906215038.0
008 090910s2008 sp |||| | spa d
020 _a978-84-8317-712-9
080 _a811.134.2(063)
080 _a821.134.2.09(063)
111 2 _aCongreso Internacional de Filología Hispánica (
_n1º (.
_d2006.
_cOviedo)
_9141257
245 1 0 _aActas del I Congreso Internacional de Filología Hispánica
_b: jóvenes investigadores /
_cedición de José Antonio Calzón García... [et al.].
260 _aOviedo :
_bServicio de Publicaciones de la Universidad de Oviedo,
_c2008.
300 _a769 p. :
_bgráf. ;
_c25 cm.
650 1 4 _aFilología española-
_vCongresos y asambleas.
_912797
700 1 _aCalzón García, José Antonio.
_9141258
852 _aES-MaACL
_jL-867
_xN-2952
_d
_9R.143865
999 _c172822
_d172822